COMPANION TO APPLIED MATHEMATICS. (Record no. 24765)
[ view plain ]
| 000 -LEADER | |
|---|---|
| fixed length control field | 00309nam a2200133Ia 4500 |
| 082 ## - DEWEY DECIMAL CLASSIFICATION NUMBER | |
| Classification number | 510/KUM |
| 100 ## - MAIN ENTRY--PERSONAL NAME | |
| Personal name | KUMBHOJKAR/G.V. |
| 245 ## - TITLE STATEMENT | |
| Title | COMPANION TO APPLIED MATHEMATICS. |
| 260 ## - PUBLICATION, DISTRIBUTION, ETC. | |
| Name of publisher, distributor, etc. | PHADAKE PRAKASHAN |
| Place of publication, distribution, etc. | Kolhapur |
| Date of publication, distribution, etc. | 2007 |
| 300 ## - PHYSICAL DESCRIPTION | |
| Extent | 250 |
| 546 ## - LANGUAGE NOTE | |
| Language note | ENGLISH |
| 654 ## - SUBJECT ADDED ENTRY--FACETED TOPICAL TERMS | |
| Focus term | Partial fractions |
| 942 ## - ADDED ENTRY ELEMENTS (KOHA) | |
| Koha item type | BOOK |
| Withdrawn status | Lost status | Damaged status | Not for loan | Collection | Home library | Current library | Shelving location | Date acquired | Total Checkouts | Full call number | Barcode | Date due | Date last seen | Date last checked out | Price effective from | Koha item type |
|---|---|---|---|---|---|---|---|---|---|---|---|---|---|---|---|---|
| AFT | Fr. Agnel's C.Rodrigues College of Engineering | Fr. Agnel's C.Rodrigues- College of Engineering | 17/03/2023 | 1 | 510/KUM | AFT8013 | 17/07/2023 | 10/07/2023 | 10/07/2023 | BOOK |